Educación, participación y estilos de desarrollo en América Latina
保存先:
| 第一著者: | |
|---|---|
| フォーマット: | 図書 |
| 言語: | スペイン語 |
| 出版事項: |
Buenos Aires
Kapelusz
1985
|
| シリーズ: | Biblioteca de Cultura Pedagógica. Serie Educación y Sociedad
|
| 主題: | |
| タグ: |
タグ追加
タグなし, このレコードへの初めてのタグを付けませんか!
|
MARC
| LEADER | 00000nam a2200000 a 4500 | ||
|---|---|---|---|
| 001 | UCY7946 | ||
| 003 | CL-VaPUC | ||
| 008 | 950623e19850200AG |||||||||||||||||spa|d | ||
| 082 | 0 | 4 | |a 306.43 |b RAM |2 21 |
| 100 | 0 | |a Rama, Germán W |e author |9 338915 | |
| 245 | 1 | 0 | |a Educación, participación y estilos de desarrollo en América Latina |
| 300 | |a 111 p | ||
| 942 | |c BK | ||
| 945 | |d 19950623 00:00:00 |a mfernand | ||
| 260 | |a Buenos Aires |b Kapelusz |c 1985 | ||
| 650 | 0 | |a Sociología de la educación |9 260380 | |
| 650 | 0 | |a Desarrollo económico y social |9 256320 | |
| 650 | 0 | |a Estado y educación |9 311264 | |
| 650 | 0 | |a Participación social |9 256140 | |
| 650 | 7 | |a ESTRUCTURA SOCIAL |2 CL-VaPUC |9 338916 | |
| 650 | 0 | |a Cambio social |9 256857 | |
| 651 | 0 | |a América Latina |9 255027 | |
| 583 | |a last modification |c 19950623 00:00:00 |k Rodrigo Vera | ||
| 490 | 0 | |a Biblioteca de Cultura Pedagógica. Serie Educación y Sociedad | |
| 999 | |c 235239 |d 235237 | ||
| 952 | |0 0 |1 0 |4 0 |6 306_430000000000000_RAM_1985 |7 0 |8 P |9 242512 |a BIBEDU |b BIBEDU |c BIBEDU_PB |d 2019-11-18 |i 1523252 |o 306.43 RAM 1985 |p 1523252 |r 2024-01-25 |w 2019-11-18 |y BK |k EDU | ||
| 952 | |0 0 |1 0 |4 0 |6 306_430000000000000_RAM_1985 |7 0 |8 P |9 242513 |a BIBEDU |b BIBEDU |c BIBEDU_PB |d 2019-11-18 |i 1606255 |o 306.43 RAM 1985 |p 1606255 |r 2024-01-25 |w 2019-11-18 |y BK |k EDU | ||
| 952 | |0 0 |1 0 |4 0 |6 306_430000000000000_RAM_1985 |7 0 |8 P |9 242514 |a BIBEDU |b BIBEDU |c BIBEDU_PB |d 2019-11-18 |i 1606204 |o 306.43 RAM 1985 |p 1606204 |r 2024-01-25 |w 2019-11-18 |y BK |k EDU | ||